000 00199nam a22000977a 4500
020 _a9788174868305
082 _a892.80
100 _aNARLIKAR, JAYANT
245 _aPRESHIT - MARATHI NOVEL
942 _cBK
999 _c6626
_d6626